Voyage de l´Inde a la Mekke (Record no. 7963)

MARC details
000 -CABECERA
campo de control de longitud fija 01288nam a2200289 a 4500
001 - NÚMERO DE CONTROL
campo de control BRCA_8295
005 - FECHA Y HORA DE LA ÚLTIMA TRANSACCIÓN
campo de control 20190320210220.0
008 - DATOS DE LONGITUD FIJA--INFORMACIÓN GENERAL
campo de control de longitud fija 160614s1797----fr-ab##f##---#000-0#fre-#
041 ## - CÓDIGO DE LENGUA
Código de lengua del texto/banda sonora o título independiente fre
044 ## - CÓDIGO DEL PAÍS DE LA ENTIDAD EDITORA/PRODUCTORA
Código MARC del país fr
050 #4 - SIGNATURA TOPOGRÁFICA DE LA BIBLIOTECA DEL CONGRESO
Número de clasificación DS35.5
Número de documento/Ítem .V6 1797
100 1# - ENTRADA PRINCIPAL--NOMBRE DE PERSONA
Nombre de persona Kerym, Abdoul
9 (RLIN) 20712
245 10 - MENCIÓN DE TÍTULO
Título Voyage de l´Inde a la Mekke
Mención de responsabilidad, etc. Abdoul Kerym ; extrait et tradnit de la version anglaise de ses memoires, avec des notes géographiques, littéraires &c. par L. Langlés.
260 ## - PUBLICACIÓN, DISTRIBUCIÓN, ETC.
Lugar de publicación, distribución, etc. Paris
Nombre del editor, distribuidor, etc. L´imprimerie de Crapelet
Fecha de publicación, distribución, etc. 1797
300 ## - DESCRIPCIÓN FÍSICA
Extensión 6 v.
Otras características físicas il., mapas, grabados
Dimensiones 14 cm.
500 ## - NOTA GENERAL
Nota general En el lomo: Voyages de L´Inde
500 ## - NOTA GENERAL
Nota general Edición de cantos dorados
500 ## - NOTA GENERAL
Nota general Sello de ex-libris: Harry Caresse
500 ## - NOTA GENERAL
Nota general S101
505 0# - NOTA DE CONTENIDO CON FORMATO
Nota de contenido con formato v.1 Voyage de L´Inde a la Mekke.-- v.2 Voyages de La Perse dans L´Inde et du Bengal en Perse.-- v.3 Voyages de La Perse dans L´Inde et du Bengal en Perse (continuación).-- v.4 Voyage pittoresque de L´Inde fait dans les anées 1780-1783.-- v.5 Voyage pittoresque de L´Inde fait dans les anées 1780-1783 (continuación).-- v.6 Atlas
650 14 - PUNTO DE ACCESO ADICIONAL DE MATERIA--TÉRMINO DE MATERIA
Término de materia o nombre geográfico como elemento de entrada Islamismo
9 (RLIN) 20713
651 #4 - PUNTO DE ACCESO ADICIONAL DE MATERIA--NOMBRE GEOGRÁFICO
Nombre geográfico India
Subdivisión general Descripción y viajes
9 (RLIN) 17294
651 #4 - PUNTO DE ACCESO ADICIONAL DE MATERIA--NOMBRE GEOGRÁFICO
Nombre geográfico Arabia Saudita
Subdivisión geográfica La Meca
9 (RLIN) 20714
700 1# - PUNTO DE ACCESO ADICIONAL--NOMBRE DE PERSONA
Nombre de persona Langlés, L.
Término indicativo de función/relación tr.
9 (RLIN) 20715
902 ## - CATALOGADOR
Iniciales GFM
942 ## - ELEMENTOS DE PUNTO DE ACCESO ADICIONAL (KOHA)
Fuente del sistema de clasificación o colocación Library of Congress Classification
Tipo de ítem Koha Libros
Holdings
Estado de retiro Estado de pérdida Estado dañado No para préstamo Localización permanente Ubicación/localización actual Fecha de adquisición Número de inventario Total de préstamos Signatura topográfica completa Código de barras Fecha visto por última vez Precio válido a partir de Tipo de ítem Koha
El ejemplar forma parte de la colección y puede ser consultado según las políticas vigentes.       Biblioteca del Museo Franz Mayer (Rogerio Casas-Alatriste) Biblioteca del Museo Franz Mayer (Rogerio Casas-Alatriste) 16/06/2014 S101   DS35.5 .V6 1797 (S101) 8919 22/03/2019 22/03/2019 Libros